Normal view
MARC view
- University of Management and Technology (Pakistan).
Entry Corporate Name
001 - CONTROL NUMBER
- control field: 28540
003 - CONTROL NUMBER IDENTIFIER
- control field: NUST
005 - DATE AND TIME OF LATEST TRANSACTION
- control field: 20200219093925.0
008 - FIXED-LENGTH DATA ELEMENTS
- fixed length control field: 200219|| aca||aabn | a|a d
040 ## - CATALOGING SOURCE
- Original cataloging agency: NUST
- Transcribing agency: NUST
110 ## - HEADING--CORPORATE NAME
- Corporate name or jurisdiction name as entry element: University of Management and Technology (Pakistan).
- Subordinate unit: School of Business and Economics.
- Subordinate unit: Department of Economics,
670 ## - SOURCE DATA FOUND
- Source citation: Work cat.: (NUST)0: Empirical economic review :
